[Event "ITA-ch U20 26th"]
[Site "Bratto"]
[Date "2003.08.26"]
[Round "6"]
[White "Visentin, Lorenzo"]
[Black "Dessi, Fabrizio Daniele"]
[Result "1-0"]
[WhiteElo "1600"]
[BlackElo "1522"]
[PlyCount "145"]
[EventDate "2003.08.21"]
[EventType "swiss"]
[EventRounds "9"]
[EventCountry "ITA"]
[SourceTitle "EXT 2007"]
[Source "ChessBase"]
[SourceDate "2006.11.23"]
[SourceVersion "1"]
[SourceVersionDate "2006.11.23"]
[SourceQuality "1"]

1. d4 d5 2. c4 b6 3. Nc3 e6 4. Nf3 Bb4 5. Qa4+ Nc6 6. Ne5 Bxc3+ 7. bxc3 Bd7 8. Nxc6 Ne7 9. Nxd8 Bxa4 10. Nxe6 fxe6 11. cxd5 exd5 12. g3 Bc6 13. Bf4 0-0-0 14. Bh3+ Kb7 15. a4 a5 16. Be6 Bd7 17. Bxd7 Rxd7 18. Kd2 Ng6 19. Be3 Re8 20. Rab1 Rde7 21. Rb2 h5 22. h4 Nf8 23. Rhb1 Nd7 24. Rb5 Kc6 25. R5b2 Nf6 26. Ke1 Ng4 27. Bg5 Rf7 28. e3 Ref8 29. Bf4 Rf6 30. Rc1 Kd7 31. c4 Rc6 32. Rbc2 dxc4 33. Rxc4 Rxc4 34. Rxc4 c6 35. Rc2 Nf6 36. Be5 Ne8 37. Rb2 b5 38. axb5 a4 39. b6 Nd6 40. Rb4 a3 41. Ra4 Rb8 42. Rxa3 Rxb6 43. Ra7+ Ke6 44. Bxd6 Kxd6 45. Rxg7 Rb1+ 46. Ke2 Rb2+ 47. Kf3 Ke6 48. Rh7 Rb5 49. Rh6+ Kd7 50. g4 hxg4+ 51. Kxg4 Rd5 52. h5 Ra5 53. Rg6 Ra1 54. Kf4 Rh1 55. h6 Rh4+ 56. Kg3 Rh5 57. Rg7+ Ke6 58. h7 Kf6 59. Rc7 Kg6 60. Rxc6+ Kxh7 61. e4 Kg7 62. e5 Kf7 63. f4 Ke7 64. d5 Kd8 65. Kg4 Rh7 66. e6 Re7 67. f5 Rg7+ 68. Kf4 Ra7 69. f6 Ra8 70. f7 Ke7 71. Ke5 Kf8 72. Kf6 Ra6 73. Rc8# 1-0

[Event "ITA-ch U20 26th"]
[Site "Bratto"]
[Date "2003.08.24"]
[Round "4"]
[White "Dessi, Fabrizio Daniele"]
[Black "Campanella, Giovanni"]
[Result "0-1"]
[WhiteElo "1522"]
[BlackElo "1549"]
[PlyCount "46"]
[EventDate "2003.08.21"]
[EventType "swiss"]
[EventRounds "9"]
[EventCountry "ITA"]
[SourceTitle "EXT 2007"]
[Source "ChessBase"]
[SourceDate "2006.11.23"]
[SourceVersion "1"]
[SourceVersionDate "2006.11.23"]
[SourceQuality "1"]

1. d4 d5 2. c4 e5 3. dxe5 d4 4. Nf3 Nc6 5. g3 Bg4 6. Bg2 Qd7 7. Qb3 0-0-0 8. a3 Bh3 9. 0-0 Bxg2 10. Kxg2 f6 11. exf6 gxf6 12. Rd1 h5 13. Bf4 Bh6 14. Bxh6 Nxh6 15. e3 Nf5 16. h4 Rhg8 17. Nc3 Qe6 18. Nd5 Rg4 19. Rd3 Rdg8 20. Nf4 Qe4 21. Nxh5 Nxh4+ 22. Kh3 Qxf3 23. e4 Qg2# 0-1